Equipos Campeonato Uruguayo de Futbol 2024 - Estadísticas

Estadísticas generales
  • Esta prueba ha sido intentada 125 veces
  • La puntuación promedio es 14 de 16
Estadísticas de respuestas
Imagen Respuesta % Correcto
Nacional
100%
Peñarol
100%
Liverpool
98%
Cerro
97%
Progreso
96%
Cerro Largo
95%
Danubio
94%
River Plate
93%
Defensor sporting
92%
Wanderers
88%
Fenix
87%
Boston River
82%
Deportivo Maldonado
82%
Racing
82%
Rampla juniors
81%
Miramar Misiones
79%
No se encontraron pruebas coincidentes
Distribución de puntuación
Porcentaje de gente con cada puntuación
Porcentaje por número respondido
Historial de tus puntuaciones
No has intentado esta prueba.